00465 2200169 4500001002100000008004100021035002000062245008400082100001300166260003100179300001300210020001900223084001400242082000800256650001200264990001900276INLIS000000000003540 ind  a0010-0824000039 aEksplorasi SejarahbSejarah Kuno India, Asia Tenggara dan CinacYong Mun Cheong aZulkifli aSingapore :bFederalc1999 a141 hlm. a981-011-9127-8 a950 ZUL e a950 aSejarah aP29/CP/24/3539